Schaum's 3000 solved problems in chemistry /

Bibliographic Details
Main Author: Goldberg, David E. (David Elliott), 1932-
Format: Book
Language:English
Published: New York : McGraw-Hill, [1988]
Subjects:

MARC

Tag First Indicator Second Indicator Subfields
LEADER 00000cam a2200000 a 4500
001 in00000017190
005 20151007053415.0
008 870603s1988 nyua 00000 eng
010 |a  87016797  
020 |a 0070236658 (pbk.) 
035 |a (OCoLC)16083041 
035 |9 AAB1547AM 
040 |a DLC  |c DLC  |d TXA  |d UtOrBLW 
049 |a TXAM  |c [A11061854] 
050 0 0 |a QD42  |b .G579 1988 
082 0 |a 540.7/6  |2 19 
100 1 |a Goldberg, David E.  |q (David Elliott),  |d 1932- 
245 1 0 |a Schaum's 3000 solved problems in chemistry /  |c by David E. Goldberg. 
264 1 |a New York :  |b McGraw-Hill,  |c [1988] 
264 4 |c ©1988 
300 |a v, 606 pages :  |b illustrations ;  |c 28 cm. 
336 |a text  |b txt  |2 rdacontent 
337 |a unmediated  |b n  |2 rdamedia 
338 |a volume  |b nc  |2 rdacarrier 
650 0 |a Chemistry  |v Problems, exercises, etc. 
740 0 |a Schaum's three thousand solved problems in chemistry. 
740 0 |a 3000 solved problems in chemistry. 
740 0 |a Three thousand solved problems in chemistry. 
999 |a MARS 
999 f f |s c619c255-008f-3f2b-a600-7b75ac46b78d  |i 6787a644-858c-3143-bd18-9caa11654ee0  |t 0 
952 f f |p normal  |a Texas A&M University  |b College Station  |c Sterling C. Evans Library  |d Evans: Library Stacks  |t 0  |e QD42 .G579 1988  |h Library of Congress classification  |i unmediated -- volume  |m A14811061854 
998 f f |a QD42 .G579 1988  |t 0  |l Evans: Library Stacks